Poesía, Filosofía, Misterios (Record no. 904933)

000 -CABECERA
Campo de control de longitud fija 00601nam a22002057a 4500
001 - NÚMERO DE CONTROL
Campo de control 129943
003 - IDENTIFICADOR DEL NÚMERO DE CONTROL
Campo de control ES-SlBCS
005 - FECHA Y HORA DE LA ÚLTIMA TRANSACCIÓN
Campo de control 20260615091746.0
008 - CÓDIGOS DE INFORMACIÓN DE LONGITUD FIJA
Campo de control de longitud fija 260615b ||||| |||| 00| 0 spa d
017 ## - NÚMERO DE COPYRIGHT O DE DEPÓSITO LEGAL
Número de copyright o de depósito legal S 201-2026
Agencia que asigna el número Salamanca
020 ## - NÚMERO INTERANCIONAL NORMALIZADO PARA LIBROS (ISBN)
Número Internacional Normalizado para Libros (ISBN) 978-84-301-2306-3
040 ## - FUENTE DE LA CATALOGACIÓN
Centro catalogador del origen ES-SlBCS
Lengua de catalogación spa
Centro modificador ES-SlBCS
100 1# - PUNTO DE ACCESO PRINCIPAL-NOMBRE DE PERSONA
Nombre de persona García-Baró, Miguel
9 (RLIN) 4460
245 1# - MENCIÓN DE TÍTULO
Título Poesía, Filosofía, Misterios
Mención de responsabilidad, etc. Miguel García-Baró
260 ## - PUBLICACIÓN, DISTRIBUCIÓN, ETC... (PIE DE IMPRENTA)
Lugar de publicación, distribución, etc. Salamanca
Nombre del editor, distribuidor, etc. Ediciones Sígueme
Fecha de publicación, distribución, etc. 2026
300 ## - DESCRIPCIÓN FÍSICA
Extensión 301 p.,
Otras características físicas tapa blanda,
Dimensiones 21 cm.
490 0# - MENCIÓN DE SERIE
Mención de serie Hermeneia
Designación de volumen o secuencia 151
650 #0 - PUNTO DE ACCESO ADICIONAL DE MATERIA-TÉRMINO DE MATERIA
Término de materia o nombre geográfico como elemento inicial Filosofía
Subdivisión de forma Poesía
9 (RLIN) 429716
942 ## - ENTRADA DE ELEMENTOS AGREGADOS (KOHA)
Fuente de clasificaión o esquema
Koha [por defecto] tipo de item Libros
Holdings
Suprimido Perdido Fuente de clasificación o esquema Estropeado No para préstamo Localización permanente Localización actual Fecha adquisición Préstamos totales Signatura completa Número de Registro / Código de Barras Fecha última consulta Fecha del precio de reemplazo Tipo de item de Koha
          San Esteban San Esteban 15/06/2026   111 GAR poe 129943 15/06/2026 15/06/2026 Libros

Bibliotecas Dominicos Provincia Hispania, 2016

Con tecnología Koha